000 00587nam a22001937a 4500
005 20260204104454.0
008 260203b |||||||| |||| 00| 0 eng d
020 _a978-1-264-90640-6
050 _aHD 57 .7 .H 84 2025
100 _aHUGHES, RICHARD L
245 _aLEADERSHIP: ENHANCING THE LESSONS OF EXPERIENCE
250 _aINTERNATIONAL STUDENT EDITION
260 _aNEW YORK,
_bMcGraw HILL LLC,
_c2025,
300 _aXVii, 766 P, ILL
500 _aINCLUDES INDEX
650 _aLEADERSHIP,EXECUTIVE ABILITY
700 _aGINNETT ROBERT, CURPHY GORDON J.
942 _2lcc
_cBK
999 _c216521
_d216521